000 00816nas a2200265 4500
001 BR9901398
003 BR-BrBNA
005 20231205101316.0
007 ta
008 230509b bl.|||p| |||| 00| 00por d
040 _aBR-BrBNA
_bpor
_cBiblioteca Nacional de Agricultura
041 _a(Pt)
072 _aL02
100 1 _aBertol, T.M.
100 1 _aLima, G.J.M.M. de
245 1 _aNiveis de residuo industrial de fecula da mandioca na alimentacao de suinos em crescimento e terminacao
650 _aSUÍNO
650 _aNutricao Animal
650 _aResiduo Industrial
650 _aMandioca
650 _aFecula
773 0 _tPesquisa Agropecuaria Brasileira (Brazil)
_xISSN 0100-204X
_g(Feb 1999), v. 34(2) p. 243-248
_wBR9901398
909 _a202311
_bLúcia
_c55
_dLúcia Elande
942 _2AGRIS
_n0
_cANA
999 _c161042
_d161042